000 00544nam a22001937a 4500
999 _c9509
_d9509
003 GBCCL
005 20241126110713.0
008 230221b ||||| |||| 00| 0 eng d
020 _a9789385194412
040 _cGBC
082 _a248
_bMAS
100 _aMason, John
_916561
245 _aFall seven times stand up eight :
_bhow to succeed no matter what
260 _aHyderabad :
_bGS books,
_c2019
300 _a172p. ;
650 _aChristian life
_9183
650 _aSuccess
_vReligious aspects
_xChristianity
_916562
942 _2ddc
_cBK
_01